[Event "25th Touraine Open"]
[Site "Avoine FRA"]
[Date "2010.07.19"]
[Round "3"]
[White "Perrin,G"]
[Black "Dupeux,D"]
[Result "1-0"]
[WhiteElo "2301"]
[BlackElo "1860"]

1.d4 d5 2.Nf3 Nf6 3.c4 c6 4.Nc3 e6 5.e3 Be7 6.Bd3 dxc4 7.Bxc4 b5 8.Bd3 Bb7
9.O-O Nbd7 10.e4 a6 11.Qe2 c5 12.d5 exd5 13.e5 Ne4 14.Nxe4 dxe4 15.Bxe4 Bxe4
16.Qxe4 O-O 17.Rd1 Qc8 18.Bg5 Bxg5 19.Nxg5 g6 20.Rd6 c4 21.Qd5 Ra7 22.Nxf7 Nb6
23.Nh6+ Kg7 24.Rxb6 Kxh6 25.e6 c3 26.bxc3 Qxc3 27.Rd1 Rc7 28.h4 b4 29.Qg5+ Kg7
30.Rbd6 Qb2 31.Rd7+ Rxd7 32.exd7  1-0

[Event "15th Open"]
[Site "Balaguer ESP"]
[Date "2010.07.19"]
[Round "1"]
[White "Corrales Jimenez,F"]
[Black "Creus Sola,A"]
[Result "1-0"]
[WhiteElo "2574"]
[BlackElo "2024"]

1.d4 d5 2.c4 c6 3.Nc3 Nf6 4.Nf3 e6 5.e3 Nbd7 6.Bd3 Bd6 7.O-O O-O 8.e4 dxe4
9.Nxe4 Nxe4 10.Bxe4 f5 11.Bc2 Qf6 12.c5 Bc7 13.Re1 Kh8 14.Ng5 e5 15.Qh5 Qg6
16.Qxg6 hxg6 17.Ne6 Ba5 18.Nxf8 Nxf8 19.Rxe5 Bd7 20.Bb3 Re8 21.Rxe8 Bxe8
22.Bf4 Nh7 23.Rd1 g5 24.Bd2 Bxd2 25.Rxd2 Nf6 26.d5 Ne4 27.dxc6 Bxc6 28.Rd8+ Kh7
29.Bd5  1-0

[Event "Corporation Centre Cup"]
[Site "Izhevsk RUS"]
[Date "2010.07.19"]
[Round "5"]
[White "Girya,O"]
[Black "Shinkevich,V"]
[Result "0-1"]
[WhiteElo "2376"]
[BlackElo "2508"]

1.d4 d5 2.Nf3 c6 3.c4 e6 4.e3 Nf6 5.Nc3 Nbd7 6.Bd3 dxc4 7.Bxc4 b5 8.Bd3 b4
9.Ne4 Bb7 10.a3 a5 11.O-O Be7 12.Nxf6+ Nxf6 13.e4 Qb6 14.axb4 axb4 15.Rxa8+ Bxa8
16.Bg5 h6 17.Bxf6 Bxf6 18.e5 Be7 19.Qe2 O-O 20.Qe4 g6 21.Qf4 Kg7 22.Rc1 Rc8
23.h4 c5 24.h5 g5 25.Qg4 Qd8 26.b3 cxd4 27.Rxc8 Qxc8 28.Bc4 d3 29.Qd4 Qd8
30.Qxd3 Qxd3 31.Bxd3 Bc5 32.Kf1 Bd5 33.Nd2 Bd4 34.Nc4 Kf8 35.f3 Ke7 36.Ke2 Kd7
37.Kd2 Kc6 38.Kc2 Kc5 39.Kd2 Bc3+ 40.Ke3 Bd4+ 41.Kd2 Bf2 42.Bg6 g4 43.Bxf7 gxf3
44.gxf3 Kd4 45.Kc2 Bg3 46.Nb6 Bxf3 47.Bxe6 Bxh5 48.Nd5 Kxe5 49.Bg8 Be1 50.Kd3 Bf3
51.Kc4 Be2+ 52.Kc5 h5 53.Ne7 Bf3 54.Ng6+ Kf5 55.Bf7 Kf6 56.Be8 Bd2 57.Nh4 Bd1
58.Ng2 Kg5  0-1

[Event "Open A"]
[Site "Oberwart AUT"]
[Date "2010.07.19"]
[Round "7"]
[White "Platzgummer,F"]
[Black "Diermair,A"]
[Result "1/2-1/2"]
[WhiteElo "2351"]
[BlackElo "2312"]

1.d4 d5 2.c4 e6 3.Nf3 Nf6 4.Nc3 c6 5.e3 Nbd7 6.Qc2 Bd6 7.e4 dxe4 8.Nxe4 Nxe4
9.Qxe4 c5 10.Bg5 Be7 11.Bxe7 Qa5+ 12.Ke2 Kxe7 13.g3 cxd4 14.Bg2 Nf6 15.Qxd4 Rd8
16.Qf4 Bd7 17.Ne5 Ba4 18.b3 Rd2+ 19.Qxd2 Qxe5+ 20.Qe3 Qb2+ 21.Qd2 Qe5+ 22.Qe3 Qb2+
23.Qd2 Qe5+ 24.Qe3  1/2-1/2

[Event "4th Open"]
[Site "Vecindario ESP"]
[Date "2010.07.19"]
[Round "3"]
[White "Viera Falcon,C"]
[Black "Vega Gutierrez,S"]
[Result "0-1"]
[WhiteElo "1782"]
[BlackElo "2373"]

1.d4 d5 2.c4 e6 3.Nc3 c6 4.e3 Nf6 5.Nf3 Nbd7 6.Bd3 dxc4 7.Bxc4 b5 8.Bd3 Bd6
9.Ne4 Nxe4 10.Bxe4 Bb7 11.Qc2 Rc8 12.Bxh7 c5 13.Be4 cxd4 14.Qd3 Bb4+ 15.Ke2 Bxe4
16.Qxe4 Nf6 17.Qxd4 Rc2+ 18.Kf1 Ne4 19.Qxb4 Rxf2+ 20.Kg1 Qd3 21.Qe1 Rh5 22.Qxf2 Nxf2
23.Kxf2 g5 24.Ne1 Qd1 25.h3 g4 26.e4 f5 27.Rg1 fxe4 28.hxg4 Qxg4 29.Be3 Rf5+
30.Nf3 exf3 31.g3 Rd5 32.Rh1 Qe4 33.Rae1 Qc2+ 34.Kxf3 Rf5+ 35.Bf4 e5 36.Kg4 Kf7
37.Bxe5 Kg6 38.Bf4 Rf6 39.Rh6+ Kf7 40.Rh7+  0-1

[Event "25th Touraine Open"]
[Site "Avoine FRA"]
[Date "2010.07.20"]
[Round "4"]
[White "Bouget,A"]
[Black "Daniel,Jea"]
[Result "1-0"]
[WhiteElo "2140"]
[BlackElo "1894"]

1.d4 d5 2.c4 c6 3.Nc3 Nf6 4.Nf3 e6 5.e3 Nbd7 6.Bd3 dxc4 7.Bxc4 b5 8.Be2 Bb7
9.O-O Be7 10.e4 b4 11.e5 bxc3 12.exf6 Nxf6 13.bxc3 O-O 14.Rb1 Qc7 15.Bf4 Qxf4
16.Rxb7 Bd6 17.g3 Qh6 18.Qd2 Qxd2 19.Nxd2 Nd5 20.Ne4 Rfd8 21.c4 Nf6 22.Nxf6+ gxf6
23.Bh5 Rf8 24.Rd7 Bb4 25.Rb1 a5 26.Rb3 Kg7 27.a3 Bd2 28.Rbb7 f5 29.Bxf7 Kf6
30.Bh5 Rad8 31.f4 Be3+ 32.Kg2 Rxd7 33.Rxd7 e5 34.dxe5+  1-0

[Event "Corporation Centre Cup"]
[Site "Izhevsk RUS"]
[Date "2010.07.20"]
[Round "6"]
[White "Shinkevich,V"]
[Black "Geller,J"]
[Result "1/2-1/2"]
[WhiteElo "2508"]
[BlackElo "2539"]

1.d4 d5 2.c4 e6 3.Nf3 Nf6 4.Nc3 c6 5.e3 Nbd7 6.Qc2 Bd6 7.Bd3 O-O 8.O-O dxc4
9.Bxc4 a6 10.Rd1 b5 11.Bf1 Qc7 12.e4 e5 13.Ne2 Re8 14.dxe5 Nxe5 15.Nxe5 Bxe5
16.g3 Bb7 17.Bg2 Qe7 18.Be3 c5 19.Bxc5 Qc7 20.Rac1 Bxe4 21.Bxe4 Nxe4 22.Qxe4  1/2-1/2

[Event "2nd Open"]
[Site "Rethymno GRE"]
[Date "2010.07.20"]
[Round "9"]
[White "Breier,A"]
[Black "Malikentzos,S"]
[Result "1/2-1/2"]
[WhiteElo "2399"]
[BlackElo "2239"]

1.d4 d5 2.c4 c6 3.Nf3 Nf6 4.Nc3 e6 5.e3 Nbd7 6.Qc2 b6 7.Bd3 Bb7 8.cxd5 cxd5
9.Ne5 Be7 10.Qa4 O-O 11.Nc6 Bxc6 12.Qxc6 a6 13.Qa4 b5 14.Qd1 e5 15.dxe5 Nxe5
16.Bf5 g6 17.Bh3 Qb6 18.O-O Rad8 19.Ne2 Ne4 20.g3 Nf3+ 21.Kh1 Nfg5 22.Bg2 Ne6
23.f3 Nd6 24.Nc3 Nc7 25.Qe2 Bf6 26.e4 Rfe8 27.Be3 d4 28.Bg1 Nc4 29.f4 d3
30.Qg4 Bd4 31.e5 Bxg1 32.Rxg1 Nxb2 33.Ne4 Re6 34.Qh4 Rd4 35.Nf6+ Rxf6 36.Qxf6 Qxf6
37.exf6 d2 38.Bf3 Nd5 39.Rab1 Nc4 40.Bxd5 Rxd5 41.Rgd1 Ne3 42.Kg1 Nxd1 43.Rxd1 Kf8
44.Kf2 Ke8 45.Ke3 Kd7 46.Rxd2 Rxd2 47.Kxd2 Ke6 48.Kc3 a5 49.Kd4 Kd6 50.g4 h6
51.h3 g5 52.fxg5 hxg5 53.Ke4 Kc5 54.Ke5 Kc6 55.Kd4 Kd6  1/2-1/2

[Event "2nd Open"]
[Site "Rethymno GRE"]
[Date "2010.07.20"]
[Round "9"]
[White "Rychagov,A"]
[Black "Kekki,P"]
[Result "1-0"]
[WhiteElo "2538"]
[BlackElo "2371"]

1.d4 d5 2.c4 e6 3.Nf3 Nf6 4.Nc3 c6 5.e3 Nbd7 6.Qc2 Bd6 7.b3 O-O 8.Be2 Qe7
9.O-O Re8 10.Bb2 b6 11.Rad1 Bb7 12.Rfe1 Rac8 13.Qb1 h6 14.Bf1 Bb4 15.Rc1 Ne4
16.Red1 f5 17.Ne2 g5 18.Rc2 Qf7 19.Nc1 Bd6 20.Nd3 Qh5 21.Be2 g4 22.Nfe5 Nxe5
23.dxe5 Bf8 24.Nf4 Qg5 25.Ba1 Bg7 26.b4 Qh4 27.Bf1 Ng5 28.b5 c5 29.cxd5 exd5
30.Nxd5 Rxe5 31.Nf4 Rc7 32.Rcd2 Be4 33.Qb3+ Kh7 34.Bxe5 Nh3+ 35.Nxh3  1-0

[Event "Aegean Open"]
[Site "Agios Kirykos GRE"]
[Date "2010.07.21"]
[Round "9"]
[White "Valden,P"]
[Black "Spiliadis,Athanasios"]
[Result "0-1"]
[WhiteElo "2223"]
[BlackElo "1807"]

1.d4 d5 2.c4 c6 3.Nc3 Nf6 4.e3 e6 5.Nf3 Nbd7 6.Qc2 a6 7.Bd2 Be7 8.g4 dxc4
9.Bxc4 b5 10.Bd3 h6 11.Ne4 Bb7 12.b4 Nxe4 13.Bxe4 Rc8 14.Bc3 Nf6 15.Ne5 Qc7
16.Bg2 c5 17.bxc5 Bxg2 18.Rg1 Be4 19.Qd2 Nd5 20.Ba5 Qb8 21.f3 Bh7 22.e4 Bh4+
23.Kf1 Bg5 24.Qb2 Ne3+ 25.Ke2 f6 26.Qb3 Ke7 27.Nd3 Nc4 28.Be1 Be3 29.Bg3 Qa7
30.Bf2 Bxf2 31.Nxf2 Qc7 32.a4 Rhd8 33.Rgd1 Rb8 34.axb5 axb5 35.Ra6 Bg6 36.Qa2 Be8
37.Ra7 Rb7 38.Ra8 Rxa8 39.Qxa8 Ra7  0-1

[Event "15th Open"]
[Site "Balaguer ESP"]
[Date "2010.07.21"]
[Round "3"]
[White "Pogorelov,R"]
[Black "Bhat,V"]
[Result "1/2-1/2"]
[WhiteElo "2424"]
[BlackElo "2536"]

1.Nf3 Nf6 2.c4 e6 3.Nc3 d5 4.d4 c6 5.e3 Nbd7 6.Qc2 Bd6 7.b3 O-O 8.Be2 b6
9.O-O Bb7 10.Bb2 Qe7 11.Rad1 Rad8 12.Rfe1 Rfe8 13.Bf1 c5 14.cxd5 exd5 15.g3 h6
16.Nh4 Qe6 17.Nf5 Bb8 18.Bh3 Kf8 19.Bg2 g6 20.Nh4 Ne4 21.dxc5 Nxc3 22.Qxc3 Be5
23.Qc2 bxc5 24.Bxe5 Qxe5 25.Qd2 Qf6 26.Qa5 Qb6 27.Qc3 Ne5 28.Qc2 Kg8 29.Nf3 d4
30.Nxe5 Rxe5 31.Bxb7 Qxb7 32.exd4 Rxe1+ 33.Rxe1 cxd4 34.Qd3 Qd5 35.h4 Rc8
36.Rd1 Rd8 37.Kh2 Rd6 38.Kg1 Re6 39.Kh2 Re4 40.a3 g5 41.hxg5 hxg5 42.Kg1 Re6
43.Qc4 Qf3 44.Qxd4 Rh6 45.Qd8+ Kg7 46.Qd4+ Kg8  1/2-1/2

[Event "Sparkassen Open A"]
[Site "Dortmund GER"]
[Date "2010.07.21"]
[Round "5"]
[White "Frombach,R"]
[Black "Henrichs,T"]
[Result "0-1"]
[WhiteElo "2224"]
[BlackElo "2490"]

1.d4 d5 2.c4 c6 3.Nc3 Nf6 4.e3 e6 5.Nf3 Nbd7 6.Bd3 dxc4 7.Bxc4 b5 8.Be2 Bb7
9.O-O Be7 10.e4 b4 11.e5 bxc3 12.exf6 Bxf6 13.bxc3 c5 14.dxc5 Nxc5 15.Bb5+ Kf8
16.Ba3 Qc7 17.Qe2 Kg8 18.Rad1 a6 19.Qe3 Rc8 20.Bxc5 Qxc5 21.Qxc5 Rxc5 22.Be2 g6
23.Rd7 Bc8 24.Ra7 Kg7 25.c4 Rd8 26.h4 h6 27.Re1 g5 28.hxg5 hxg5 29.Rb1 Ra5
30.c5 Rxc5 31.Ra8 g4 32.Nh2 g3 33.fxg3 Bd4+ 34.Kh1 Rh8 35.Bg4 Rc2 36.Bh3 Rxa2
37.Nf3 Rb2 38.Rc1 Rxh3+ 39.gxh3 Bb7  0-1

[Event "Corporation Centre Cup"]
[Site "Izhevsk RUS"]
[Date "2010.07.21"]
[Round "7"]
[White "Arzamastsev,A"]
[Black "Mokshanov,A"]
[Result "1-0"]
[WhiteElo "2132"]
[BlackElo "2255"]

1.d4 d5 2.c4 e6 3.Nc3 c6 4.e3 Nf6 5.Nf3 Nbd7 6.Qc2 Bd6 7.Be2 O-O 8.O-O dxc4
9.Bxc4 e5 10.h3 Qc7 11.Bd2 Re8 12.Rac1 h6 13.Nb5 cxb5 14.Bxf7+ Kf8 15.Qb3 Qb6
16.Nh4 g5 17.Nf5 Re7 18.Bg6 e4 19.Nxe7 Kxe7 20.Qf7+ Kd8 21.f3 exf3 22.Rxf3 Be7
23.Bf5 Qd6 24.Qg7 Ne8 25.Qf7 Ndf6 26.a3 Bxf5 27.Rxf5 Qd7 28.Qg6 Ne4 29.Be1 N8f6
30.Re5 Nd6 31.Bb4 Qe8 32.Qd3 Qf8 33.e4 Nfe8 34.Rxe7 Qxe7 35.e5 Rc8 36.Re1 Qd7
37.exd6 Nxd6 38.Bxd6 Qxd6 39.Qxb5 Qxd4+ 40.Kh1 Qd7 41.Qb4 b6 42.Qf8+ Kc7
43.Qxh6 Qd2 44.Qg7+ Kb8 45.Qe5+ Ka8 46.Re2 Qd7 47.Kh2 Rg8 48.Qe4+ Kb8 49.Qe6 Qd8
50.Re4 g4 51.Qe5+ Ka8 52.Rd4 Qc8 53.hxg4 Re8 54.Qd5+ Kb8 55.Rc4 Rh8+ 56.Kg3 Qf8
57.Qe5+ Ka8 58.Rc7  1-0

[Event "XII Open"]
[Site "Sant Marti ESP"]
[Date "2010.07.21"]
[Round "9"]
[White "Gongora Reyes,M"]
[Black "Abreu Delgado,A"]
[Result "1/2-1/2"]
[WhiteElo "2451"]
[BlackElo "2474"]

1.d4 d5 2.c4 c6 3.Nc3 Nf6 4.e3 e6 5.Nf3 Nbd7 6.Bd3 dxc4 7.Bxc4 b5 8.Bd3 Bb7
9.e4 b4 10.Na4 c5 11.e5 Nd5 12.O-O cxd4 13.Re1 g6 14.Bg5 Qa5 15.Nxd4 a6 16.a3 bxa3
17.bxa3 Bg7 18.Bd2 Qd8 19.Rb1 Rb8 20.Rxb7 Rxb7 21.Bxa6 Rc7 22.Ba5 Qb8 23.Bxc7 Qxc7
24.Nf3 O-O 25.Qd4 Qa5 26.Bd3  1/2-1/2

[Event "YGM"]
[Site "Biel SUI"]
[Date "2010.07.22"]
[Round "4"]
[White "Tomashevsky,E"]
[Black "Caruana,F"]
[Result "1/2-1/2"]
[WhiteElo "2708"]
[BlackElo "2697"]

1.d4 d5 2.c4 c6 3.Nc3 Nf6 4.e3 e6 5.Nf3 Nbd7 6.Qc2 Bd6 7.Bd3 O-O 8.O-O dxc4
9.Bxc4 a6 10.Bd2 b5 11.Bd3 Bb7 12.Ng5 h6 13.Nge4 Be7 14.Nxf6+ Nxf6 15.Ne4 Nxe4
16.Bxe4 a5 17.Rac1 Qb6 18.Qd1 Rac8 19.Re1 Rfd8 20.Qh5 b4 21.Red1  1/2-1/2

[Event "Andorra Open"]
[Site "La Massana AND"]
[Date "2010.07.22"]
[Round "6"]
[White "Delchev,A"]
[Black "Benitah,Y"]
[Result "1-0"]
[WhiteElo "2632"]
[BlackElo "2382"]

1.Nf3 d5 2.c4 c6 3.e3 Nf6 4.Nc3 e6 5.d4 Nbd7 6.Bd3 Bd6 7.e4 dxc4 8.Bxc4 e5
9.dxe5 Nxe5 10.Nxe5 Bxe5 11.Qxd8+ Kxd8 12.Bxf7 Bxc3+ 13.bxc3 Nxe4 14.O-O Rf8
15.Bb3 Nxc3 16.Re1 Bd7 17.Bb2 Nd5 18.Bxg7 Re8 19.Bc2 Rg8 20.Be5 h5 21.f3 Bh3
22.Bg3 Bxg2 23.Kxg2 h4 24.Kf2 hxg3+ 25.hxg3 Kc7 26.Bd3 Kd6 27.Bc2 Kc7 28.Bb3 Kd6
29.Rad1 Rh8 30.f4 a5 31.Re5 Kc7 32.Bxd5 cxd5 33.Kg2 Rhd8 34.Rexd5 Rxd5 35.Rxd5 Kc6
36.Rd2 b5 37.g4 b4 38.g5 a4 39.Kf3 b3 40.axb3 axb3 41.g6 Rb8 42.f5 b2 43.Rxb2 Rxb2
44.g7 Rb8 45.f6 Kd6 46.f7 Ke7 47.g8=Q Rf8 48.Ke4 Rxf7 49.Ke5 Rf1 50.Qc4 Rf7
51.Qc8 Rf1 52.Qc5+ Kd8 53.Qa5+ Ke7 54.Qb4+ Kd8 55.Ke6  1-0

[Event "Andorra Open"]
[Site "La Massana AND"]
[Date "2010.07.22"]
[Round "6"]
[White "Cori,J"]
[Black "Bruzon Batista,L"]
[Result "1/2-1/2"]
[WhiteElo "2486"]
[BlackElo "2653"]

1.d4 Nf6 2.Nf3 d5 3.c4 e6 4.Nc3 c6 5.e3 Nbd7 6.Qc2 Bd6 7.Bd3 O-O 8.O-O dxc4
9.Bxc4 Qe7 10.Rd1 e5 11.e4 exd4 12.Nxd4 Nb6 13.Bf1 Rd8 14.h3 h6 15.Be3 Re8
16.Re1 Bd7 17.Rad1 Rad8 18.Nf3 Bb4 19.Bxb6 axb6 20.e5 Nd5 21.Nxd5 cxd5 22.Re3 Bc5
23.Ree1 Bb4 24.Re3 Bc5 25.Ree1  1/2-1/2

[Event "3rd Open"]
[Site "Paleochora GRE"]
[Date "2010.07.22"]
[Round "1"]
[White "Kharitonov,Alexandr"]
[Black "Villa,G"]
[Result "1-0"]
[WhiteElo "2548"]
[BlackElo "1682"]

1.d4 d5 2.c4 c6 3.Nc3 Nf6 4.e3 e6 5.Nf3 Nbd7 6.Qc2 Bd6 7.Be2 O-O 8.O-O Qe7
9.Rd1 dxc4 10.Bxc4 e5 11.h3 exd4 12.exd4 Nb6 13.Re1 Qc7 14.Bb3 Nbd5 15.Bg5 Bd7
16.Rac1 Rac8 17.Ne5 Be6 18.Bxf6 Nxf6 19.Bxe6 fxe6 20.Qb3 Qe7 21.Nf3 Rce8
22.Ne4 Bf4 23.Rc2 Nxe4 24.Rxe4 Qd7 25.Rce2 Rf6 26.g3 Bh6 27.Ne5 Qc7 28.Ng4 Rg6
29.Rxe6 Rexe6 30.Rxe6 Rxe6 31.Qxe6+ Kf8 32.Ne5 Bc1 33.Nd7+  1-0

[Event "Najdorf Mem Open A"]
[Site "Warsaw POL"]
[Date "2010.07.22"]
[Round "6"]
[White "Kuciel,W"]
[Black "Przybylski,W"]
[Result "0-1"]
[WhiteElo "2088"]
[BlackElo "2322"]

1.d4 d5 2.Nf3 Nf6 3.c4 c6 4.e3 e6 5.Nc3 Nbd7 6.Qc2 Bd6 7.g4 dxc4 8.g5 Nd5
9.Ne4 Bc7 10.Bxc4 e5 11.Bd2 exd4 12.exd4 N7b6 13.Bb3 O-O 14.Rg1 Kh8 15.O-O-O a5
16.a3 Nf4 17.Rde1 Bh3 18.Ne5 Bxe5 19.dxe5 Nd3+ 20.Kb1 Nxe1 21.Bxe1 Bf5 22.Qe2 Qd4
23.Bc2 Nd5 24.Nd6 Nf4 25.Nxf5 Nxe2 26.Nxd4 Nxg1 27.f4 c5 28.Nf5 Ne2 29.Nd6 Nxf4
30.Nxb7 Ne6 31.h4 a4 32.Bf2 Rfc8 33.Bf5 Kg8 34.Be4 Rab8 35.Bd5 Rc7 36.Nd6 Kf8
37.Be3 g6 38.Ne4 Ke7 39.Nf6 Nd4 40.Bc4 Rcb7 41.Bc1 Rb3 42.Ne4 Rh3 43.Bd2 Rh1+
44.Bc1 Rxh4 45.Nd6 Rh1 46.Nxf7 Nb3 47.Bxb3 axb3 48.Nd6 Rd8 49.a4 Rxd6  0-1

[Event "Sparkassen Open A"]
[Site "Dortmund GER"]
[Date "2010.07.23"]
[Round "7"]
[White "Frombach,R"]
[Black "Kuznetsov,Mar"]
[Result "0-1"]
[WhiteElo "2224"]
[BlackElo "2085"]

1.d4 d5 2.c4 c6 3.Nc3 Nf6 4.e3 e6 5.Nf3 Nbd7 6.Qc2 Be7 7.Bd3 dxc4 8.Bxc4 O-O
9.O-O c5 10.Rd1 Qc7 11.Be2 b6 12.Bd2 cxd4 13.exd4 Bb7 14.Rac1 Rac8 15.Qb1 Qb8
16.Bg5 Bd6 17.h3 h6 18.Bd2 a6 19.Ne1 Nd5 20.Ne4 Be7 21.Bf3 N7f6 22.Qd3 Rfd8
23.Qe2 Qa8 24.Nd3 Rd7 25.Rxc8+ Qxc8 26.Ne5 Rc7 27.Nc3 b5 28.Ng4 Rc4 29.Be1 Nf4
30.Nxf6+ Bxf6 31.Qe3 Bg5 32.Bxb7 Qxb7 33.Qe4 Qxe4 34.Nxe4 Ne2+ 35.Kf1 Rxd4
36.Rxd4 Nxd4 37.Nxg5 hxg5 38.Bc3 Nc6 39.Ke2 f6 40.Kd3 Kf7 41.b3 Ke7 42.a4 Kd6
43.axb5 axb5 44.Bb2 Kd5 45.Ba3 g4 46.hxg4 Ne5+ 47.Ke2 Nxg4 48.f3 Ne5 49.Bf8 g6
50.Ba3 Nc6 51.Kd3 Nd4 52.Bb2 e5 53.Kc3 Nc6 54.Kd3 f5 55.g4 Nd4 56.gxf5 gxf5
57.f4 e4+ 58.Kc3 Ne2+ 59.Kb4 Nxf4 60.Kxb5 Nd3  0-1

[Event "21st Czech GM Open"]
[Site "Pardubice CZE"]
[Date "2010.07.23"]
[Round "1"]
[White "Cifka,S"]
[Black "Kolmakov,P"]
[Result "1-0"]
[WhiteElo "2420"]
[BlackElo "2213"]

1.d4 Nf6 2.Nf3 d5 3.c4 e6 4.Nc3 c6 5.e3 Nbd7 6.Qc2 Bd6 7.b3 O-O 8.Bb2 b6
9.Bd3 Bb7 10.O-O dxc4 11.bxc4 c5 12.d5 exd5 13.Nxd5 Kh8 14.e4 Ng4 15.Rad1 Nde5
16.Nxe5 Bxe5 17.h3 Qh4 18.Be2 Bxb2 19.Qxb2 Nh6 20.Bd3 f5 21.Rfe1 Rad8 22.g3 Qh5
23.Nf4 Qe8 24.exf5 Qc6 25.Kh2 Rd4 26.Re7 Nxf5 27.Bxf5 Rxf5 28.Nd5 Qc8 29.Rxd4 cxd4
30.Qxd4 Qf8 31.Re2 h6 32.Kg1 Qf7 33.Re5 Rxe5 34.Qxe5 b5 35.Ne7 Bf3 36.cxb5 Qxa2
37.g4 Qb3 38.Kh2  1-0

[Event "XIV Battle Of Senta"]
[Site "Senta SRB"]
[Date "2010.07.23"]
[Round "8"]
[White "Nadj,Z"]
[Black "Ujhazi,M"]
[Result "0-1"]
[WhiteElo "2197"]
[BlackElo "2137"]

1.d4 Nf6 2.Nf3 d5 3.c4 c6 4.Nc3 e6 5.e3 Nbd7 6.Bd3 dxc4 7.Bxc4 b5 8.Bd3 a6
9.O-O Bb7 10.e4 c5 11.d5 c4 12.Bc2 Qc7 13.Qe2 Bd6 14.Re1 Ne5 15.dxe6 fxe6
16.Nxe5 Bxe5 17.f4 Bd4+ 18.Be3 e5 19.Rad1 O-O-O 20.fxe5 Bxe3+ 21.Qxe3 Ng4
22.Qa7 Qxe5 23.g3 Qh5 24.Re2 Ne5 25.Rf1 Nf3+ 26.Kh1 Nd4 27.Bd1 Nxe2 28.Bxe2 Qg6
29.Nd5 Qxe4+ 30.Bf3 Qxf3+ 31.Rxf3 Bxd5 32.Qxa6+ Bb7 33.Qe6+ Rd7 34.Kg2 Rf8
35.Kh3 Rxf3 36.a4 Rf6 37.Qg8+ Kc7 38.g4 Rd3+ 39.Kh4 Rh6+ 40.Kg5 Rg6+ 41.Kf4 Rf6+
42.Kg5 h6+ 43.Kh4 g5+  0-1

[Event "XXXVI Open"]
[Site "Sitges ESP"]
[Date "2010.07.23"]
[Round "2"]
[White "Buxade Roca,G"]
[Black "Cuartas,Ja"]
[Result "0-1"]
[WhiteElo "2195"]
[BlackElo "2529"]

1.c4 c6 2.Nf3 d5 3.d4 Nf6 4.Nc3 e6 5.e3 Nbd7 6.Qc2 Bd6 7.Bd3 dxc4 8.Bxc4 b5
9.Be2 Bb7 10.O-O O-O 11.Bd2 Qe7 12.Ne4 Nxe4 13.Qxe4 Nf6 14.Qh4 c5 15.dxc5 Bxc5
16.Bc3 b4 17.Bd4 Bd6 18.Ne5 Nd5 19.Qxe7 Bxe7 20.Rfc1 a5 21.Bf3 Bf6 22.Rc5 Rfc8
23.Rac1 Rxc5 24.Rxc5 Bxe5 25.Bxe5 f6 26.Bc7 Rc8 27.Bxd5 Bxd5 28.a3 bxa3 29.bxa3 a4
30.f3 Bb3 31.Kf2 e5 32.Ke2 Kf7 33.Kd2 Ke6 34.Kc3 h5 35.Bb6 Rb8 36.Ba5 h4
37.e4 h3 38.g3 Bd1 39.f4 Rb3+ 40.Kd2 Rb2+ 41.Kxd1 Rxh2 42.Rc6+ Kf7 43.Rc7+ Kg8
44.Ke1 Ra2  0-1

[Event "YGM"]
[Site "Biel SUI"]
[Date "2010.07.24"]
[Round "6"]
[White "Giri,A"]
[Black "Negi,P"]
[Result "1/2-1/2"]
[WhiteElo "2672"]
[BlackElo "2615"]

1.d4 d5 2.c4 e6 3.Nc3 c6 4.e3 Nf6 5.Nf3 g6 6.g3 Bg7 7.Bg2 O-O 8.O-O Nbd7
9.Ne5 Nxe5 10.dxe5 Nd7 11.f4 f6 12.exf6 Nxf6 13.Qe2 Re8 14.Bd2 e5 15.cxd5 cxd5
16.Rae1 a6 17.Qd1 e4 18.h3 h5 19.Ne2 Qb6 20.Qc1 Bd7  1/2-1/2

[Event "TCh-MNE Premier League"]
[Site "Cetinje MNE"]
[Date "2010.07.24"]
[Round "1"]
[White "Blagojevic,Dr"]
[Black "Kalezic,B"]
[Result "1/2-1/2"]
[WhiteElo "2499"]
[BlackElo "2447"]

1.d4 d5 2.c4 c6 3.Nc3 Nf6 4.e3 e6 5.Nf3 Nbd7 6.Bd3 dxc4 7.Bxc4 b5 8.Bd3 Bd6
9.Bd2 Bb7 10.Rc1 O-O 11.O-O Rc8 12.Ng5 b4 13.Nce4 Nxe4 14.Nxe4 Be7 15.Qe2 c5
16.dxc5 Nxc5 17.Nxc5 Rxc5 18.e4 a5 19.Be3 Rxc1 20.Rxc1 Qa8 21.f3 Rc8 22.Rxc8+ Qxc8
23.Qc2 Qd8 24.b3 h6 25.Qc4 Bc6 26.Qd4 Qa8 27.Qa7 Qd8 28.Qd4 Qa8 29.Qa7 Qd8
30.Bf1 Bd6 31.Qb6 Qa8 32.Bb5 Bxb5 33.Qxd6 Qc8 34.h3 Kh7 35.Bb6 Qc1+ 36.Kh2 Qc2
37.Bxa5 Qxa2 38.Qxb4 Bf1 39.Qd2 Qxb3 40.Bc3  1/2-1/2

[Event "TCh-MNE Premier League"]
[Site "Cetinje MNE"]
[Date "2010.07.24"]
[Round "1"]
[White "Bozovic,N"]
[Black "Mihajlovic,V"]
[Result "0-1"]
[WhiteElo "2246"]
[BlackElo "2364"]

1.d4 d5 2.c4 e6 3.Nc3 c6 4.e3 Nf6 5.Nf3 Nbd7 6.Qc2 Bd6 7.g4 dxc4 8.Bxc4 e5
9.g5 Nd5 10.Bxd5 cxd5 11.Nxd5 O-O 12.Bd2 exd4 13.Nxd4 Nb6 14.Nc3 Be5 15.Nce2 Bxd4
16.Nxd4 Qd5 17.f3 Re8 18.Kf2 Bd7 19.b3 Qxg5 20.h4 Qe5 21.Rag1 h6 22.Rg3 f5
23.Rhg1 Re7 24.Qd3 Nd5 25.e4 Nf4 26.Bxf4 Qxf4 27.Qc4+ Kh8 28.Ne2 Qxh4 29.exf5 Qxc4
30.bxc4 Bxf5 31.Nf4 Rc8 32.Nd5 Rd7 33.Ne3 Be6  0-1

[Event "21st Czech GM Open"]
[Site "Pardubice CZE"]
[Date "2010.07.24"]
[Round "2"]
[White "Bartos,J"]
[Black "Iskusnyh,S"]
[Result "0-1"]
[WhiteElo "2214"]
[BlackElo "2480"]

1.d4 d5 2.c4 e6 3.Nf3 Nf6 4.Nc3 c6 5.e3 a6 6.b3 Bb4 7.Bd2 Nbd7 8.Bd3 O-O
9.O-O Bd6 10.e4 dxc4 11.Bxc4 e5 12.Bg5 b5 13.Bd3 Bb7 14.Rc1 Re8 15.Re1 exd4
16.Nxd4 Nc5 17.Bb1 Be5 18.Nce2 Ne6 19.Nxe6 fxe6 20.Qxd8 Raxd8 21.f4 Bb8 22.e5 Ba7+
23.Kh1 Ng4 24.Bxd8 Nf2+ 25.Kg1 Ng4+ 26.Kh1 Nf2+ 27.Kg1 Rxd8 28.Kf1 b4 29.Ng3 a5
30.Ke2 Bd4 31.Ne4 Nxe4 32.Bxe4 Ba6+ 33.Kf3 c5 34.g3 g5 35.Rc2 Rf8 36.Kg4 gxf4
37.gxf4 Rf7 38.f5 exf5+ 39.Bxf5 Rxf5 40.Kxf5 Bd3+ 41.Ke6 Bxc2 42.Kd7 Bd3
43.e6 Bb5+ 44.Kd8 Bf6+ 45.e7 Kf7 46.Re3 a4 47.Rf3 a3 48.Rf4 Ke6 49.Re4+ Kd6
50.Re1 c4 51.Rd1+ Ke6 52.Re1+ Kf7 53.bxc4 Bxc4 54.Kd7 Bb5+ 55.Kd6 b3 56.Kc5 Be8  0-1

[Event "TCh-CHN"]
[Site "Shanghai CHN"]
[Date "2010.07.24"]
[Round "7"]
[White "Liang Chong"]
[Black "Lu Shanglei"]
[Result "1/2-1/2"]
[WhiteElo "2502"]
[BlackElo "2340"]

1.d4 d5 2.c4 c6 3.Nc3 Nf6 4.e3 e6 5.Nf3 Nbd7 6.Qc2 Bd6 7.b3 O-O 8.Be2 dxc4
9.bxc4 e5 10.O-O Re8 11.a4 exd4 12.exd4 Nf8 13.h3 Ng6 14.Rd1 Qa5 15.c5 Bf4
16.Bd3 Bxc1 17.Qxc1 Be6 18.Rb1 b6 19.Qa3 Nf4 20.Bf1 N6d5 21.Rdc1 bxc5 22.Qxc5 Qxc5
23.dxc5 Nxc3 24.Rxc3 Bd5 25.Rb2 Re4 26.a5 Ra4 27.a6 Ra1 28.Re3 Ne6 29.Re1 Rxe1
30.Nxe1 Nxc5 31.Nc2 g6 32.Ne3 Be4 33.Rd2 Re8 34.f3 Bxf3 35.gxf3 Rxe3 36.Rd8+ Kg7
37.Ra8 Re7 38.Rc8 Nb3 39.Rxc6 Nd2 40.Bg2 Re6 41.Rxe6 fxe6 42.f4 Kf6 43.Kf2 Kf5
44.Ke3 Nc4+ 45.Kf3 e5 46.fxe5 Kxe5 47.h4 Nd6 48.Kg4 Nf5 49.Bb7 h6 50.Ba8 Kf6
51.Be4 h5+ 52.Kh3 Ke5 53.Bc6 Ne7 54.Be8 Kf4 55.Bf7 Ke3 56.Kg3 Ke4 57.Be8 Ke5
58.Bf7 Nf5+ 59.Kh3 Kf6 60.Be8 Ng7 61.Bb5 Ne6 62.Kg3 Nd4 63.Be8 Nf5+ 64.Kh3 Nd6
65.Bc6 Kf5 66.Kg3 Ne4+ 67.Kf3 Nd2+ 68.Kg3 Nc4 69.Bd7+ Ke4 70.Be8 Ne5 71.Bb5 Kf5
72.Be8 Nc4 73.Bd7+ Kf6 74.Bc6 Nd6 75.Kh3 Kf5 76.Kg3 Ke5 77.Ba4 Nf5+ 78.Kh3 Kf4
79.Be8 g5 80.hxg5 Kxg5 81.Bb5 h4 82.Bd7 Ng7 83.Kg2 Nh5 84.Kf3 Nf4 85.Bc8 Nd3
86.Ke4 Nb4 87.Ke5  1/2-1/2

[Event "TCh-CHN"]
[Site "Shanghai CHN"]
[Date "2010.07.24"]
[Round "7"]
[White "Zhou Jianchao"]
[Black "Yu Ruiyuan"]
[Result "1-0"]
[WhiteElo "2650"]
[BlackElo "2309"]

1.c4 c6 2.d4 d5 3.Nc3 Nf6 4.e3 e6 5.Nf3 Nbd7 6.Bd3 Bd6 7.e4 dxe4 8.Nxe4 Nxe4
9.Bxe4 Bb4+ 10.Bd2 Bxd2+ 11.Qxd2 O-O 12.O-O c5 13.Rad1 Nf6 14.dxc5 Qc7 15.Bb1 Qxc5
16.Qd4 Qxd4 17.Rxd4 b6 18.Ne5 Bb7 19.Rfd1 Rfc8 20.g4 Ne8 21.Rd7 f6 22.Rxb7 fxe5
23.b3 Rd8 24.Re1 Nf6 25.h3 Rd7 26.Be4 Rad8 27.Bc6 Rxb7 28.Bxb7 Rd2 29.Rxe5 Nd7
30.Rxe6 Nc5 31.Re8+ Kf7 32.Rb8 Rxa2 33.Bd5+ Kg6 34.b4 Na6 35.Be4+ Kf6 36.Rf8+ Ke5
37.Bxh7 Nxb4 38.Rf7 a5 39.Rxg7 a4 40.g5 Nc6 41.g6 a3 42.Rd7 Rb2 43.g7 a2
44.g8=Q a1=Q+ 45.Kg2  1-0

[Event "XIX ch-Macedonia Open"]
[Site "Struga MKD"]
[Date "2010.07.24"]
[Round "9"]
[White "Tairi,K"]
[Black "Stoilkovski,J"]
[Result "1/2-1/2"]
[WhiteElo "1614"]
[BlackElo "2027"]

1.d4 d5 2.c4 e6 3.Nc3 Nf6 4.Nf3 c6 5.e3 Bb4 6.Qc2 Ne4 7.Bd2 Nxd2 8.Qxd2 Nd7
9.a3 Ba5 10.b4 Bc7 11.Bd3 a6 12.cxd5 exd5 13.Na4 Qe7 14.Nc5 Nxc5 15.bxc5 f6
16.h3 g5 17.Rb1 Kf8 18.Kd1 Rb8 19.Kc2 b6 20.cxb6 Rxb6 21.Rxb6 Bxb6 22.Qb4 Bc7
23.Qxe7+ Kxe7 24.Rc1 h5 25.Kb2 Kd6 26.h4 g4 27.Nd2 a5 28.a4 Bd7 29.Ka3 g3
30.f3  1/2-1/2

[Event "ch-AUT"]
[Site "Vienna AUT"]
[Date "2010.07.24"]
[Round "1"]
[White "Kende,R"]
[Black "Platzgummer,F"]
[Result "0-1"]
[WhiteElo "2159"]
[BlackElo "2351"]

1.d4 d5 2.c4 c6 3.Nf3 Nf6 4.Nc3 e6 5.e3 Nbd7 6.Bd3 dxc4 7.Bxc4 b5 8.Bd3 Bb7
9.a4 b4 10.Nb1 c5 11.O-O Bd6 12.Nbd2 O-O 13.Nc4 Bc7 14.Qe2 Be4 15.Rd1 Qb8
16.h3 Qb7 17.Ne1 cxd4 18.exd4 Rfd8 19.Bg5 Bxd3 20.Nxd3 h6 21.Nc5 Qd5 22.Nxd7 Rxd7
23.Bxf6 gxf6 24.Ne3 Qe4 25.d5 exd5 26.Qh5 Qg6 27.Nxd5 Qxh5 28.Nxf6+ Kf8 29.Nxh5 Rad8
30.Rxd7 Rxd7 31.Rb1 Rd2 32.g4 b3 33.Nf6 Bb6 34.Ne4 Re2 35.Nc3 Rxf2 36.Kh1 Bd4
37.Ne4 Re2 38.Nd6 Rxb2 39.Rxb2 Bxb2 40.Ne4 Ba3 41.Nd2 b2 42.Nb1 Bb4 43.Kg2 Ke7
44.Kf3 Kf6 45.h4 Be1 46.h5 Kg5 47.Na3 Bb4 48.Nb1 f5 49.gxf5 Kxf5  0-1